|
|
|
|
| LEADER |
00879cam a2200241 7i4500 |
| 001 |
0000034081 |
| 005 |
20070808090000.0 |
| 008 |
070713 |
| 020 |
0 |
0 |
|a 1405300590
|
| 090 |
0 |
0 |
|a SB 351 H5
|b B6 2002
|
| 245 |
0 |
4 |
|a The royal horticultural society new encyclopedia of herbs and their uses
|c Deni Bown.
|
| 260 |
0 |
0 |
|a London:
|b DK,
|c 2002.
|
| 300 |
|
|
|a 448 p.:
|b col. ill., maps;
|c 30 cm..
|
| 500 |
0 |
0 |
|a Includes bibliographic references and indexes
|
| 650 |
0 |
0 |
|a Herbs --
|x Pictorial works
|
| 650 |
0 |
0 |
|a Herbs --
|x Encyclopedias
|
| 650 |
0 |
0 |
|a Plants, Medicinal --
|x Encyclopedias --
|x English
|
| 650 |
0 |
0 |
|a Plants, Medicinal --
|x Pictorial Works
|
| 650 |
0 |
0 |
|a Medicine, Herbal --
|x Encyclopedias --
|x English
|
| 650 |
0 |
0 |
|a Medicine, Herbal --
|x Pictorial Works
|
| 650 |
0 |
0 |
|a Herb gardening
|
| 710 |
1 |
2 |
|a Herb Society of America
|
| 999 |
|
|
|a 1100017556
|b Book
|c Rujukan
|e KOLEKSI RUJUKAN
|